000 00547nam a2200193Ia 4500
005 20250326142317.0
008 250326s9999 xx 000 0 und d
020 _a0 19 563425 X
037 _aTextbook
040 _aFMSL
_beng
_cFMSL
041 _aeng
_2eng
084 _aX N5
_qFMSL
100 _aKumar D
_9745910
245 0 _aD School: Reflection on the Delhi School of economics
_cKumar D; Mookherjee D
260 _aDelhi
_bDelhi, Oxford University
_c1995
300 _a297p
942 _cTB
_hX N5
999 _c1294422
_d1294422